Statistics for Manchester United Tournament England Players

Click here to take the quiz!

General Stats

  • This quiz has been taken 81 times
  • The average score is 28 of 32

Answer Stats

TournamentAnswer% Correct
2006 WC | 2010 WC | 2012 Euro | +2 othersWayne Rooney
99%
2000 Euro | 2002 WC | 2004 EuroPaul Scholes
97%
2000 Euro | 2002 WCDavid Beckham
97%
2000 Euro | 2004 EuroPhil Neville
96%
2016 Euro | 2018 WCMarcus Rashford
94%
2000 Euro | 2004 EuroGary Neville
94%
2012 Euro | 2014 WC | 2018 WCPhil Jones
90%
2014 WC | 2016 EuroChris Smalling
87%
2018 WCJesse Lingard
84%
2012 Euro | 2018 WCAshley Young
84%
2006 WCRio Ferdinand
82%
2010 WCMichael Carrick
81%
2002 WC | 2004 EuroNicky Butt
75%
2012 Euro | 2014 WCDanny Welbeck
57%
2002 WCWes Brown
52%

Score Distribution

Percentile by Number Answered

Percent of People with Each Score

Your Score History

You have not taken this quiz